000
00268nam a2200121Ia 4500
100
_a
University of Mumbai
650
_a
Compendium
942
_c
BK
245
_a
Compendium vol.2
260
_b
University of Mumbai
_c
2009
546
_a
ENGLISH
_c
Computers
999
_c
19480
_d
19480